000 004820000a22001930004500
001 003875
003 MACL
005 20150821124457.0
008 150821b xxu||||| |||| 00| 0 eng d
040 _aMACL
_cMACL
041 _aEnglish
082 _a615/PAU
100 _aPaul, Madan C.
_96461
245 _aDrugs, Youth and Society
_cMadan C. Paul
260 _aNew Delhi
_c1996
_bMadhu Deep Publicatons,
350 _a365
650 _aPharmacology
_96409
942 _k615
_cBK
_2ddc
999 _c15768
_d15768